| 000 | 00637nam a22001577a 4500 | ||
|---|---|---|---|
| 003 | OSt | ||
| 005 | 20151204143806.0 | ||
| 008 | 151204b xxu||||| |||| 00| 0 eng d | ||
| 040 | _cRUA | ||
| 082 | _aFIS HEA 2003 B186 Or.1 | ||
| 100 |
_94285 _aHEANG, HEANH. |
||
| 245 | _aEffect of different fish diet on the growth of (leptobarbus hoeveni) seed nursing in hapa, ឥទ្ធិពលនៃប្រភេទចំណីខុសៗគ្នាទៅលើការផ្សាំកូនត្រីព្រលូងក្នុងហាប៉ា | ||
| 260 |
_aPhnom Penh _bRUA _c2003 |
||
| 300 |
_a52p. _bill. _c29cm. |
||
| 942 |
_2ddc _cFIS |
||
| 999 |
_c4000 _d4000 |
||